000 00775nam a22002297a 4500
003 0
005 20251020131415.0
008 251020b xxu||||| |||| 00| 0 eng d
020 _a978-1-394-15630-6
050 _aHA 32
_b.S25 2023
100 _aSalcedo, Jesus,
_eauthor.
245 _aSPSS statistics workbook /
_cJesus Salcedo and Keith McCormick.
260 _aHoboken, NJ :
_bJohn Wiley & Sons, Inc.,
_c2023.
300 _avii, 326 pages :
_billustrations ;
_c26 cm.
504 _aIncludes index.
650 _aSocial sciences
_xStatistical method
_vComputer programs.
650 _aSPSS (Computer file).
650 _aMathematical statistics
_xComputer programs.
650 _aStatistics
_xData processing.
700 _aMcCormick, Keith,
_eauthor.
942 _2lcc
_cBK
999 _c368285
_d368285